01049nam a2200241Ia 4500008004100000020001800041100002400059245007600083300002800159490002300187500011300210650015200323700002100475264002700496336002700523337003300550338002800583040003500611084001100646942000800657999001500665952012700680161108s9999 xx 000 0 und d a9788433961273 aAuster, Paul, 1947- aLa música del azar /c Paul Auster ; traducción de Maribel De Juan a251 páginas ;c 21 cm aEdición limitada aTítulo de la edición original: The music of chance \\ Incluye datos biográficos del autor en la solapa aNovela Estadounidense - Siglo Xx / Literatura Estadounidense - Siglo Xx / Autores Estadounidenses - Siglo Xx / Aventuras - Novela / Viajes - Novela aJuan, Maribel de aBarcelona :b Anagrama atextobtxt2rdacontent asin mediaciónbn2rdamedia avolumenbnc2rdacarrier aCO-BoRNBPbspaerdacCO-BoRNBP aN AUS2 2loc c7374d7374 00102lcc40708GENaMEPCONCObMEPCONCOcGENd2026-03-17l0oN AUS2pPCON02642r2026-03-17 20:07:47tEj.1w2026-03-17yBK